| 000 | 00318nam a22001217a 4500 | ||
|---|---|---|---|
| 082 |
_a297.1227 _bABD |
||
| 100 |
_aAbadi, Abdur Razzaq _951371 |
||
| 245 | _aالعلم والعلماء | ||
| 260 |
_aLahore, _bIdara Islamiyat, _c1977. |
||
| 300 | _a304p. | ||
| 526 |
_a0 _b0 _c0 _d297_122700000000000_ABD |
||
| 942 |
_2ddc _cBK |
||
| 999 |
_c554073 _d554073 |
||